|
|
|
|
| LEADER |
00000nam a2200000Ia 4500 |
| 008 |
170330b1972 us ||||| |||| 00| | eng d |
| 999 |
|
|
|c 1174
|d 1174
|
| 090 |
|
|
|a 371.3
|b W151r
|
| 100 |
1 |
|
|a Walbesser, Henry H.
|9 2643
|
| 245 |
1 |
2 |
|a A review of research on behavioral objetives and learning hierarchies /
|c Henry H. Wilbesser, Theodore A. Eisenberg
|
| 260 |
|
|
|a Ohio, Estados Unidos :
|b Ohio State University,
|c 1972
|
| 300 |
|
|
|a 78 páginas
|
| 650 |
|
0 |
|a COMPORTAMIENTO
|9 298
|
| 650 |
|
0 |
|a INVESTIGACIÓN
|9 163
|
| 650 |
|
0 |
|a DOCENTES
|9 331
|
| 700 |
1 |
|
|a Eisenberg, Theodore A.
|9 2644
|
| 942 |
|
|
|i 257321
|h 371.3 W151r
|2 z
|c 01
|